Music Quiz

Random Music or Clickable Quiz

2000s Song Title Beginnings II Quiz Stats

 Plays Quiz Updated Apr 19, 2019

Score 0/32 Timer 05:00
3 Plays Today
% Correct
Hot
94.8%
Viva
93.7%
Meet
93.1%
Bad
93%
Hey
90.6%
Crazy
89.9%
Boulevard
89.6%
Chasing
88.8%
Shake
86.8%
Harder
86.3%
Lady
86.2%
Whenever
85.5%
Lips
84.7%
Already
84.6%
Thnks
84%
Gimme
84%
% Correct
Before
84%
Come
83%
London
82.8%
Drops
81.2%
Pon
80.2%
Cleanin'
78.5%
Soak
76.5%
White
76.3%
Move
74.1%
Here
73.4%
Whatever
73.3%
Lose
71.4%
Like
70.2%
Over
68.6%
Country
62.2%
Underneath
53.2%

You're not logged in!

Compare scores with friends on all Sporcle quizzes.
OR
Log In

Sporcle TV

Today on Sporcle TV


Watch our educational content, quiz creation guides, and fun videos on Sporcle TV.

Show Comments

Extras

Top Quizzes Today


Score Distribution

Your Account Isn't Verified!

In order to create a playlist on Sporcle, you need to verify the email address you used during registration. Go to your Sporcle Settings to finish the process.

Report this User

Report this user for behavior that violates our Community Guidelines.

Details: